El gobierno de las mujeres : (Record no. 114249)

MARC details
000 -LEADER
campo de control de longitud fija 00825nam a2200229 i 4500
001 - NÚMERO DE CONTROL
campo de control 114249
003 - IDENTIFICADOR DE NÚMERO DE CONTROL
campo de control ES-MaACL
005 - FECHA Y HORA DE LA ÚLTIMA TRANSACCIÓN
campo de control 20251203110943.0
007 - CAMPO FIJO DE DESCRIPCIÓN FÍSICA--INFORMACIÓN GENERAL
campo de control de longitud fija t|
008 - DATOS DE LONGITUD FIJA--INFORMACIÓN GENERAL
campo de control de longitud fija 061121s1931 sp r ||||1| spa d
100 1# - ENTRADA PRINCIPAL--NOMBRE DE PERSONA
Nombre de persona Palacio Valdés, Armando,
Fechas asociadas al nombre 1853-1938
9 (RLIN) 88382
245 13 - MENCIÓN DEL TÍTULO
Título El gobierno de las mujeres :
Resto del título ensayo histórico de política femenina /
Mención de responsabilidad, etc. Armando Palacio Valdés.
260 ## - PUBLICACIÓN, DISTRIBUCIÓN, ETC.
Lugar de publicación, distribución, etc. Madrid :
Nombre del editor, distribuidor, etc. Victoriano Suárez,
Fecha de publicación, distribución, etc. 1931.
300 ## - DESCRIPCIÓN FÍSICA
Extensión 250 p. ;
Dimensiones 21 cm.
530 ## - NOTA DISPONIBLE DE FORMULARIO FÍSICO ADICIONAL
Nota de formato físico adicional disponible Disponible en formato digital.
650 #4 - PUNTO DE ACCESO ADICIONAL DE MATERIA--TÉRMINO DE MATERIA
Término de materia o nombre geográfico como elemento de entrada Reinas-
Subdivisión geográfica Europa-
Subdivisión general Biografías.
9 (RLIN) 168470
655 #0 - TERMINO DE INDIZACIÓN--GENERO/FORMA
Datos o término principal de género/forma Biografías
9 (RLIN) 176647
852 4# - LOCALIZACIÓN
Ubicación ES-MaACL
Número de control de estantería F-15523
Ubicación en estantería Sala Pecera Planta 2
856 4# - LOCALIZACIÓN Y ACCESO ELECTRÓNICOS
Identificador Uniforme de Recursos <a href="https://bnedigital.bne.es/bd/es/epub?id=2f4e2a27-1a2a-4e3c-9ae9-142c6614a2d5">https://bnedigital.bne.es/bd/es/epub?id=2f4e2a27-1a2a-4e3c-9ae9-142c6614a2d5</a>
Texto de enlace (Biblioteca Digital Hispánica)
942 ## - ELEMENTOS DE ENTRADA SECUNDARIOS (KOHA)
Fuente del sistema de clasificación o colocación Clasificación decimal universal
Holdings
Estatus retirado Estado de pérdida Fuente del sistema de clasificación o colocación Estado de daño No para préstamo Biblioteca de origen Biblioteca actual Ubicación en estantería Fecha de adquisición Total de préstamos Signatura topográfica completa Código de barras Visto por última vez Precio de reemplazo Tipo de ítem Koha
    Clasificación decimal universal     Biblioteca del Ateneo de Madrid Biblioteca del Ateneo de Madrid Sala Pecera Planta 2 17/01/2008   F-15523 1119150 23/02/2023 23/02/2023 Libro impreso